banner-ar

ظرفاء ولكن حكماء / (Record no. 32960)

MARC details
000 -الفاتح
حقل البيانات ثابتة الطول 00642nam a2200205Ia 4500
008 - عناصر البيانات ثابتة الطول - معلومات عامة
حقل البيانات ثابتة الطول 140319s9999 xx 000 0 ara d
040 ## - مصدر الفهرسة
وكالة الفهرسة الأصلية GCL /
وكالة النسخ GCL
082 04 - رقم تصنيف ديوى العشرى
رقم التصنيف 817
رقم المادة م ظ
100 1# - المدخل الرئيسى - إسم شخصى
الإسم الشخصى محمد كامل عبدالصمد
245 10 - بيان العنوان
العنوان ظرفاء ولكن حكماء /
بيان المسئوليه,etc محمد كامل عبدالصمد
260 ## - PUBLICATION, DISTRIBUTION, ETC. (IMPRINT)
تاريخ النشر أو التوزيع 1992
300 ## - الوصف المادى
التعداد 207 ص
490 ## - بيان السلسلة
عنوان السلسلة
650 04 - المدخل الاضافى بالموضوع-مصطلح موضوعى
مصطلح موضوعي الادب العربى
650 04 - المدخل الاضافى بالموضوع-مصطلح موضوعى
مصطلح موضوعي الاهاجى والفكاهات
650 04 - المدخل الاضافى بالموضوع-مصطلح موضوعى
مصطلح موضوعي السخرية فى الادب
650 04 - المدخل الاضافى بالموضوع-مصطلح موضوعى
مصطلح موضوعي القصص الفكاهية
942 ## - عناصر المدخل الإضافي( كوها)
مصدر التصنيف او مخطط الترفيف Dewey Decimal Classification
Koha [default] item type كتاب
260 ## - PUBLICATION, DISTRIBUTION, ETC. (IMPRINT)
-- [S.N] :
-- الدار المصرية اللبنانية ،
Holdings
حالة التراجع حالة الفقد حالة تلف ليس للاعارة المكان المؤقت الموقع الحالى تاريخ الاكتساب اجمالي اﻻعارات رقم الطلب الباركود تاريخ اخر مشاهدة تاريخ تفعيل السعر نوع وعاء كوها
        مكتبة القاهرة الكبرى مكتبة القاهرة الكبرى 03/26/2014   817\م ظ 78174 03/26/2014 03/26/2014 كتاب

Powered By

EGPV